Normal view
MARC view
Entry Personal Name
001 - CONTROL NUMBER
- control field: 758025
003 - CONTROL NUMBER IDENTIFIER
- control field: OSt
005 - DATE AND TIME OF LATEST TRANSACTION
- control field: 20250508150942.0
008 - FIXED-LENGTH DATA ELEMENTS
- fixed length control field: 250508|| aca||aabn | a|a d
040 ## - CATALOGING SOURCE
- Original cataloging agency: OSt
- Transcribing agency: OSt
100 ## - HEADING--PERSONAL NAME
- Personal name: Gauld William Alexander
670 ## - SOURCE DATA FOUND
- Source citation: Work cat.: (OSt)1326690: Gauld William Alexander, Man, nature and time : An introduction to world study, 1946
